Quizzes
Events
Quiz Creation
Community
Videos
Private Events
Remove Ads
Sign In
Join for FREE
Feedback
Dark Mode
Quiz Categories
Sports
Geography
Music
Movies
Television
Just For Fun
Miscellaneous
History
Literature
Language
Science
Gaming
Entertainment
Religion
Holiday
For Kids
Quiz Lab
Recent
Popular Today
Quiz Kudos Today
Editor Picks
Curator Picks
Quizzes by...
Day
Popularity
Type
Ratings
Length
Year
Community
Subscriptions
Recent Discussions
Orange Saloon
Badges
Playlists
Quests
Create
Leaderboards
Showdown
Live 5
Trivia Bingo
Activity
Puzzle Library
Sporcle Events
Private Events
Virtual Trivia
Globe League
Become a Host
Pub Owners
SporcleCon
Opinionation
Our Games
Videos
Blog
Mobile Apps
Partnerships
Remove Ads and Go Orange
Feedback
Gaming
Video Games
Board Games
Card Games
Pokémon
Mario
Nintendo
Minecraft
Console
Toys
Legend of Zelda
Gaming
Video Games
Board Games
Card Games
Pokémon
Mario
Nintendo
Minecraft
Console
Toys
Legend of Zelda
Random Quiz
Search Sporcle
×
Quiz Lab
Quiz Lab
Gaming
War
Type in answers that appear in a list
Type in answers that appear in a list
Classic
Best Score? Go Orange.
Lego Star Wars Extras Stats
Can you name the Lego Star Wars Extras?
By
HylianHeartless
10m
44 Questions
210 Plays
210 Plays
210 Plays
Comments
Comments
Give Quiz Kudos
Give Quiz Kudos
-
- Ratings
hide this ad
Replay
Link that replays current quiz
Next Quiz
Link to next quiz in quiz playlist
You Got
0%
They Got
Avg Score
47%
Avg Friend Score
Upgrade to see
Score Distribution
Jump to the score distribution portion of the page
Score
0/44
Timer
10:00
0
Plays Today
Location
Extra
% Correct
Jedi Destiny
Score x10
71.7%
Rebel Attack
Score x2
71.2%
Falcon Flight
Score x4
70.7%
Speeder Showdown
Score x8
70.7%
Cloud City Trap
Score x6
69.8%
Death Star Escape
Invincibility
66.3%
Mos Eisley Cantina
Extra Toggle
64.4%
Betrayal Over Bespin
Minikit Detector
60.5%
Mos Eisley Cantina
Disguise
60%
Mos Eisley Cantina
Tow Death Star
57.6%
Secret Plans
Super Blasters
57.1%
Escape from Echo Base
Fast Build
55.1%
Invasion of Naboo
Poo Money
54.1%
Into the Death Star
Infinite Torpedoes
53.7%
Negotiations
Super Gonk
53.2%
Bounty Hunter Pursuit
Stud Magnet
52.7%
Mos Eisley Spaceport
Super Lightsabers
52.7%
Through the Jundland Wastes
Fast Force
51.7%
Darth Vader
Dark Side
50.7%
Mos Eisley Cantina
Daisy Chains
49.8%
Dagobah
Regenerate Hearts
49.8%
Mos Eisely Cantina
Chewbacca Carrying C3P0
48.8%
Location
Extra
% Correct
Mos Eisley Cantina
Silhouettes
47.8%
Mos Espa Pod Race
Power Brick Detector
43.9%
Droid Factory
Character Studs
41%
Mos Eisley Cantina
Fertilizer
40.5%
Darth Maul
Force Grapple Leap
40.5%
Great Pit of Carkoon
Bounty Hunter Rockets
40%
Retake Theed Palace
Super Slap
39.5%
Hoth Battle
Self Destruct
38.5%
Battle of Endor
Super Ewok Catapult
38.5%
Rescue the Princess
Tractor Beam
38%
Jedi Battle
Perfect Deflect
37.6%
General Grievous
Super Jedi Slam
36.6%
Mos Eisley Cantina
Beep Beep
36.1%
Discovery on Kamino
Disarm Troopers
36.1%
Gunship Cavalry
Exploding Blaster Bolts
34.6%
Count Dooku
Force Pull
32.7%
Escape from Naboo
Walkie Talkie Disable
32.2%
Jabba's Palace
Super Zapper
31.2%
Chancellor in Peril
Super Astromech
29.8%
Defense of Kashyyyk
Super Thermal Detonator
29.8%
Battle Over Coruscant
Vehicle Smart Bomb
28.8%
Ruin of the Jedi
Deflect Bolts
28.3%
Quiz Playlist
Details
Report
Send in Message
Add To Playlist
Classic:
Type in answers that appear in a list
Quiz Source
Last Updated: Feb 16, 2017
Quiz Scoreboard
CHALLENGE
Sign Up to Join the Scoreboard
Show All
Scores
Hide
Comments
May contain spoilers
Recently Published
Movies - When Are They Set?
by FPL_Elf
Movies
5m
Popular People in 1961
by mucciniale
History
6m
1-10 Letter E Words III
by El_Dandy
Language
2m
More to Explore
Quiz From the Vault
Featured Blog Post
Where Did the Easter Bunny Come From?
hide this ad
You Might Also Like...
Tags
War Quiz
Extra
lego
location
star
Today's Top Quizzes in Gaming
Browse Gaming
hide this ad
Today's Top Quizzes in War
Browse War
Top Contributed Quizzes in Gaming
1
Destiny 2 exotic weapons by perk icons
2
Ultimate Genshin Impact Logic Puzzle (up to 4.3)
3
Genshin Impact Logic Puzzle Quiz
4
Who's on the WWE 2K24 Cover?
5
Windmill: Pokémon
6
Franchise by Action Figure
7
Legendary or Exotic?
8
Overwatch 2: Ultimate Ability Icons
9
Overwatch 2 Heroes by Selection Quote
10
Genshin murder mystery
Explore More
Trending Topics
Harry Potter
NBA
Marvel
Anime
Crossword
Kpop
Disney
WWE
Country
The Office
Pokémon
Song
Puzzle
NFL
Soccer
hide this ad
More By:
HylianHeartless
Quiz
Plays
Rating
Category
Featured
Created
Video Game Lyrics
256
3.00
Gaming
Nov 14, 2010
Lego Star Wars Extras
210
4.25
Gaming
Aug 15, 2010
Go to Creator's Profile
Score Distribution
Quiz Creator Spotlight
HylianHeartless
Follow
Send a Message
Quizzes Created
-
Created Quiz Play Count
-
More By This Creator
Popular Quizzes Today
1
Find the US States - No Outlines Minefield
2
Find the Countries of Europe - No Outlines Minefield
3
The Countries of the World
4
Popular People in 1961
5
1-10 Letter E Words III
6
US States
7
Find the US States
8
One Thing in Common: World Cities II
More Gaming Quizzes
Blended Video Game Characters
Editor's Pick
Trending Quizzes
Risky Map Clicking: Least Populous States A-Z
1-10 Letter F Words
Humor Books: The Subtitles
1-10 Letter G Words
One Thing in Common: United Kingdom
Recently Updated
Leaping Animals
pecheneg
Reality TV Shows (A-Z)
bhenderson79
Rickey Henderson's Hall of Fame Teammates
pecheneg
Champions League XIs: Arsenal
pecheneg
Quick Pick: Celebrities in WWE's Hall of Fame
aduchscher
A-Z Keypad Blitz II
pecheneg
Multiple Oscar Actors
pecheneg
Mystery Phrase Blitz: Oscar 'Best Actors'
pecheneg
F. Scott Fitzgerald Novels
LTH
Pick 3 Villains
ddd62291
Trending Topics
NBA
Anime
Crossword
Marvel
Disney
Harry Potter
Kpop
WWE
Country
NFL
The Office
Puzzle
Pokémon
Song
Soccer
Your Account Isn't Verified!
In order to create a playlist on Sporcle, you need to verify the email address you used during registration. Go to your
Sporcle Settings
to finish the process.
Report this User
Report this user for behavior that violates our
Community Guidelines
.
Details:
Send Report
Go to the Sporcle.com Mobile Site →
Comments